000 00434nam a2200181Ia 4500
001 1610
005 20260306143741.0
008 260306t2015||||xx |||||||||||||| ||spa||
041 _aESP
082 _a153.9
_bC26
100 _aCañizares Gil, Olga
_eAUT
245 0 _aHazte experto en inteligencia emocional
260 _c2015
300 _a342 páginas :
_c22 cm.
650 _aGEN
654 _aCPS
942 _cLIB
_dJUS
_fJUS
_2ddc
_n
999 _c1610
_d1610